Ländernamen, bei denen sich Vokale und Konsonanten abwechseln - Statistiken

Allgemein
  • Dieses Quiz wurde 612 mal gespielt
  • Das Durchschnittsergebnis liegt bei 17 aus 36
Antwortstatistiken
Land % Korrekt
Kanada
73%
Japan
70%
Jemen
67%
Oman
67%
Togo
66%
Panama
61%
Peru
61%
Irak
60%
Iran
60%
Mexiko
60%
Mali
58%
Benin
57%
Polen
56%
Katar
53%
Kosovo
53%
Kuba
52%
Niger
49%
Belize
48%
Monaco
47%
Tuvalu
46%
Senegal
45%
Belarus
44%
Bahamas
43%
Libanon
39%
Nepal
38%
Sudan
38%
Gabun
36%
Kiribati
35%
Komoren
32%
Malawi
31%
Dominica
30%
Kamerun
30%
Suriname
28%
Malediven
26%
Salomonen
26%
Guyana
24%
Keine übereinstimmenden Quizze gefunden
Verteilung der Resultate
Anzahl Personen mit jedem Resultat
Perzentil nach korrekt beantworteten Fragen
Ihre Resultats-Entwicklung
Sie haben dieses Quiz noch nicht gespielt